MARC details
| 000 -CABECERA |
| campo de control de longitud fija |
03161nam a22002535a 4500 |
| 001 - NÚMERO DE CONTROL |
| campo de control |
00250793 |
| 003 - IDENTIFICADOR DEL NÚMERO DE CONTROL |
| campo de control |
ES-MaIEV |
| 008 - DATOS DE LONGITUD FIJA--INFORMACIÓN GENERAL |
| campo de control de longitud fija |
250401s2025 sp 000 0 spa d |
| 020 ## - NÚMERO INTERNACIONAL ESTÁNDAR DEL LIBRO |
| Número Internacional Estándar del Libro |
9788439745297 |
| 040 ## - FUENTE DE LA CATALOGACIÓN |
| Centro catalogador/agencia de origen |
ES-MaIEV |
| Lengua de catalogación |
eng |
| Centro/agencia transcriptor |
ES-MaIEV |
| Normas de descripción |
rda |
| 041 ## - CÓDIGO DE LENGUA |
| Código de lengua del texto/banda sonora o título independiente |
Spanish |
| 100 ## - ENTRADA PRINCIPAL--NOMBRE DE PERSONA |
| Nombre de persona |
Cercas, Javier, |
| Fechas asociadas al nombre |
1962-, |
| Término indicativo de función/relación |
author. |
| 245 13 - MENCIÓN DE TÍTULO |
| Título |
El loco de Dios en el fin del mundo |
| Mención de responsabilidad, etc. |
/ Javier Cercas. |
| 260 ## - PUBLICACIÓN, DISTRIBUCIÓN, ETC. |
| Lugar de publicación, distribución, etc. |
Barcelona |
| Nombre del editor, distribuidor, etc. |
Random House |
| Fecha de publicación, distribución, etc. |
2025 |
| 264 #4 - PRODUCCIÓN, PUBLICACIÓN, DISTRIBUCIÓN, FABRICACIÓN Y COPYRIGHT |
| Fecha de producción, publicación, distribución, fabricación o copyright |
2025. |
| 300 ## - DESCRIPCIÓN FÍSICA |
| Extensión |
485 pages : |
| Otras características físicas |
photographs ; |
| Dimensiones |
23 cm. |
| 490 0# - MENCIÓN DE SERIE |
| Mención de serie |
Biblioteca Javier Cercas |
| 520 ## - SUMARIO, ETC. |
| Sumario, etc. |
«Soy ateo. Soy anticlerical. Soy un laicista militante, un racionalista contumaz, un impío riguroso. Pero aquí me tienen, volando en dirección a Mongolia con el anciano vicario de Cristo en la Tierra, dispuesto a interrogarle sobre la resurrección de la carne y la vida eterna. Para eso me he embarcado en este avión: para preguntarle al papa Francisco si mi madre verá a mi padre más allá de la muerte, y para llevarle a mi madre su respuesta. He aquí un loco sin Dios persiguiendo al loco de Dios hasta el fin del mundo».<br/><br/>Este es el arranque fulgurante de este libro único, que nadie había tenido la oportunidad de escribir, entre otras razones porque el Vaticano jamás le había abierto de par en par sus puertas a un escritor. Pero, además de único, este es un libro de plenitud, donde su autor logra convertir una propuesta insólita en un relato propio y magistral: un thriller sobre el mayor misterio de la historia de la Humanidad. Con esta novela sin ficción, Javier Cercas vuelve a su línea más personal, en la que logra enlazar sus obsesiones íntimas con una de las preocupaciones fundamentales de la sociedad actual: el papel en la vida humana de lo espiritual y lo transcendente, el lugar en ella de la religión y el ansia de inmortalidad. |
| 520 ## - SUMARIO, ETC. |
| Sumario, etc. |
"I am an atheist. I am anti-clerical. I am a militant secularist, a stubborn rationalist, a rigorous non-believer. And yet here I am, flying to Mongolia with the elderly Vicar of Christ on Earth, ready to ask him about the resurrection of the flesh and eternal life. That’s why I boarded this plane: to ask Pope Francis whether my mother will see my father again beyond death — and to bring her his answer. Here is a godless madman chasing the madman of God to the ends of the earth."<br/><br/>This is the dazzling opening to a truly unique book — one that no one else could have written, if only because the Vatican had never before flung open its doors to a writer in this way. But more than unique, this is a work of fullness and depth, in which the author transforms an extraordinary premise into a personal and masterful narrative: a thriller about the greatest mystery in human history.<br/><br/>With this work of non-fiction, Javier Cercas returns to his most intimate register, weaving together his private obsessions with one of today’s most pressing concerns: the role of the spiritual and the transcendent in human life, the place of religion, and our longing for immortality. |
| 650 #0 - PUNTO DE ACCESO ADICIONAL DE MATERIA--TÉRMINO DE MATERIA |
| Término de materia o nombre geográfico como elemento de entrada |
Existential mystery |
| 9 (RLIN) |
25459 |
| 650 #0 - PUNTO DE ACCESO ADICIONAL DE MATERIA--TÉRMINO DE MATERIA |
| Término de materia o nombre geográfico como elemento de entrada |
Atheism |
| 9 (RLIN) |
25461 |
| 650 #0 - PUNTO DE ACCESO ADICIONAL DE MATERIA--TÉRMINO DE MATERIA |
| Término de materia o nombre geográfico como elemento de entrada |
Death and transcendence |
| 9 (RLIN) |
25460 |
| 942 ## - ELEMENTOS DE ENTRADA AGREGADA (KOHA) |
| Fuente del sistema de clasificación o colocación |
Clasificación de Library of Congress |